00615 2200217 4500001002100000005001700021008004100038035002400079040001200103082001100115090001800126100002400144245008800168250001100256260003200267300001900299500003000318650001900348850001200367990001800379YOGYA-0209000001336120090227022319.0 ind  0010-020900000013361 aYOPDYOG a297.63 a297.63bUma K aUMAR, M. Ali Khasan aKejahatan seks dan kehamilan diluar nikah dalam pandangan IslamcM. Ali Khasan Umar aCet. 1 aSemarangbPanca Agungc1990 a128 hlmc21 cm aBibliografi : hlm 126-128 aSeks dan Islam aYOPDYOG a30455-B/99b1